Manufacturing planning and control for Supply Chain Management
Salvato in:
| Autori principali: | , |
|---|---|
| Altri autori: | , |
| Natura: | Libro |
| Lingua: | inglese |
| Pubblicazione: |
Boston, USA
McGraw-Hill
2005
|
| Edizione: | Quinta edición |
| Serie: | The McGraw-Hill-Irwin Series in Operations and Decision Sciences
|
| Soggetti: | |
| Tags: |
Aggiungi Tag
Nessun Tag, puoi essere il primo ad aggiungerne!!
|
MARC
| LEADER | 00000nam a2200000 a 4500 | ||
|---|---|---|---|
| 001 | UCJ8927 | ||
| 003 | CL-VaPUC | ||
| 005 | 20240402141612.0 | ||
| 008 | 070126e20050000US |||||||||||||||||eng|d | ||
| 999 | |c 324571 |d 324569 | ||
| 020 | |a 0072299908 | ||
| 040 | |c Pontificia Universidad Católica de Valparaíso | ||
| 082 | 0 | 4 | |a 658.72 VOL 2005 |2 21 |
| 100 | 0 | |a Vollmann, Thomas E |9 518733 | |
| 245 | 1 | 0 | |a Manufacturing planning and control for Supply Chain Management |
| 250 | |a Quinta edición | ||
| 260 | 0 | 3 | |a Boston, USA |b McGraw-Hill |c 2005 |
| 300 | |a 712 páginas | ||
| 490 | 0 | |a The McGraw-Hill-Irwin Series in Operations and Decision Sciences | |
| 583 | |a last modification |c 20070126 00:00:00 |k Rodrigo Vera | ||
| 650 | 0 | |a Abastecimiento |9 443339 | |
| 650 | 0 | |a Administración de empresas |9 260833 | |
| 650 | 0 | |a Redes de información |9 230208 | |
| 650 | 0 | |a Gestión de proyectos |9 260970 | |
| 700 | 0 | |a Berry, William L |9 518734 | |
| 700 | 0 | |a Whybark, D. Clay |9 518735 | |
| 700 | |a Jacobs, F. Robert |e author |9 603480 | ||
| 942 | |c BK |2 ddc | ||
| 945 | |d 20070126 00:00:00 |a cmena | ||
| 952 | |0 0 |1 0 |2 ddc |4 0 |6 658_720000000000000_VOL_2005 |7 0 |8 A |9 404836 |a BIBING |b BIBING |d 2019-11-22 |i 4313534 |l 2 |o 658.72 VOL 2005 |p 4313534 |r 2025-01-20 |s 2023-08-31 |t 1 |w 2019-11-22 |y BK |k EII | ||